[Event "ROM-ch U12 Boys"]
[Site "Voineasa"]
[Date "2008.04.16"]
[Round "7"]
[White "Munteanu, Ali Eduard"]
[Black "Petrescu, Daniel"]
[Result "0-1"]
[WhiteElo "759"]
[BlackElo "425"]
[PlyCount "38"]
[EventDate "2008.04.08"]
[EventType "swiss"]
[EventRounds "9"]
[EventCountry "ROU"]
[SourceTitle "EXT 2013"]
[Source "ChessBase"]
[SourceDate "2012.11.22"]
[SourceVersion "1"]
[SourceVersionDate "2012.11.22"]
[SourceQuality "1"]

1. e4 c5 2. Nf3 Nc6 3. d4 cxd4 4. Nxd4 e5 5. Nb3 Nf6 6. Nc3 Bb4 7. Bg5 0-0 8. Qd3 Bxc3+ 9. bxc3 d6 10. Be2 h6 11. Be3 Be6 12. Bf3 d5 13. Rd1 dxe4 14. Bxe4 Nxe4 15. Qxe4 Qf6 16. 0-0 Bf5 17. Qf3 Qg6 18. Nc5 Bg4 19. Qg3 Bxd1 0-1